000
00300nam a2200109Ia 4500
008
200302s9999 xx 000 0 und d
100
_a
Joanna Smith
245
_a
Brand new graden from bare plot to styish garden in easy steps
260
_b
Hamlyn London publishing
260
_c
2003
300
_a
106 P.,
999
_c
4132
_d
4132